000 00569nam a2200181Ia 4500
003 GCL
005 20240530103623.0
008 140319s9999 xx 000 0 ara d
040 _aGCL /
_cGCL
082 0 4 _aق
_b932
_bا د
100 1 _aاحمد امين سليم
245 1 0 _aدراسات فى حضارة الشرق الادنى القديم حضارة مصر القديمة /
_cاحمد امين سليم
300 _a484 ص
490 _aكتاب
_v0
650 0 4 _aالشرق الاوسط
650 0 4 _aالشرق الاوسط - تاريخ
942 _2ddc
_cBK
999 _c41232
_d41232